000 00571nam a2200181 i 4500
001 69332
003 ES-MaACL
005 20250824030826.0
007 t|
008 040705s1978 sp ||||1| spa d
100 1 _aGarcía Barquero, Juan Antonio.
_954229
245 1 0 _aCien años de teatro europeo /
_cJuan Antonio García Barquero.
260 _a[Madrid :
_bDirección General de Teatro y Espectáculos,
_c1978]
300 _a89 p. ;
_c31 cm.
650 7 _aTeatro europeo
_2embne
_9160479
852 _aES-MaACL
_jA-8186
_bR.97391
999 _c69332
_d69332